The amazing book of Revelation has the answers. (Record no. 16108)

000 -LEADER
fixed length control field 00454nam a2200157 a 4500
001 - CONTROL NUMBER
control field :::00018774$&:&@@
003 - CONTROL NUMBER IDENTIFIER
control field OkBaRHE
005 - DATE AND TIME OF LATEST TRANSACTION
control field 20010108143727.0
008 - FIXED-LENGTH DATA ELEMENTS--GENERAL INFORMATION
fixed length control field j 000 0 eng u
040 ## - CATALOGING SOURCE
Transcribing agency
100 1# - MAIN ENTRY--PERSONAL NAME
Personal name Foster, Thomas
245 14 - TITLE STATEMENT
Title The amazing book of Revelation has the answers.
300 ## - PHYSICAL DESCRIPTION
Extent 133 p.
942 ## - ADDED ENTRY ELEMENTS (KOHA)
Source of classification or shelving scheme
Koha item type Books
Copies
Permanent Location Date last seen Full call number Barcode Shelving location Price effective from Copy number Koha item type Date acquired Not for loan Lost status Damaged status Withdrawn status Source of classification or shelving scheme
RHEMA Bible Training College2018-04-03BS 2825.2 .F6718774General Stacks2010-04-141Books2010-04-14